00373nam a2200121Ia 4500008004100000020001800041050001800059100002800077245008200105260002300187300001100210650003000221120626s9999 xx 000 0 und d a970-686-263-3 aHF5681.B2 P46 aPERDOMO MORENO, Abraham aAnálisis e interpretación de estados financieros / Abraham Perdomo Moreno aMéxico : Thomson a288 p. a1. ESTADOS FINANCIEROSÌ